S05 駅名クイズ - JR四国 ver. - Statistics

General Stats
  • This quiz has been taken 461 times
    418 since last reset
  • The average score is 109 of 276
Answer Stats
Number Answer % Correct
T28 | Y00 高松
98%
U00 | Y55 松山
93%
Y09 宇多津
91%
Y08 坂出
90%
Y12 多度津
89%
M00 | T00 徳島
89%
D45 高知
89%
Y10 丸亀
84%
Y31 伊予西条
84%
G47 | U28 宇和島
83%
D12 多度津
83%
D15 琴平
83%
Y19 観音寺
81%
Y40 今治
80%
N10 鳴門
80%
U10 内子
78%
B25 | D22 阿波池田
78%
D14 善通寺
76%
M12 児島
74%
Y29 新居浜
73%
U05 伊予市
73%
D27 大歩危
73%
D26 小歩危
72%
D40 後免
72%
M24 牟岐
72%
U18 八幡浜
69%
Y23 伊予三島
68%
Y48 伊予北条
66%
S18 | U14 伊予大洲
66%
G46 | U27 北宇和島
66%
T25 栗林
66%
D37 土佐山田
66%
K26 | TK26 窪川
66%
S09 下灘
65%
T18 オレンジタウン
65%
Y02 鬼無
62%
Y15 みの
61%
Y22 川之江
61%
B24 | D21
61%
M12 阿南
61%
T19 志度
60%
B01 | T01 佐古
60%
Y01 香西
59%
Y14 詫間
59%
Y03 端岡
58%
Y11 讃岐塩屋
58%
M27 阿波海南
58%
津島ノ宮
57%
N04 | T04 池谷
57%
T26 栗林公園北口
55%
D19 坪尻
55%
K07 伊野
53%
M06 南小松島
53%
Y36 壬生川
50%
Y16 高瀬
49%
T23 屋島
49%
T07 板野
49%
K19 須崎
49%
Y07 八十場
48%
T10 引田
48%
D18 讃岐財田
47%
G34 江川崎
47%
U22 卯之町
46%
T12 三本松
46%
T11 讃岐白鳥
46%
Y04 国分
45%
Y05 讃岐府中
45%
T27 昭和町
45%
N07 教会前
45%
G27 若井
44%
Y13 海岸寺
43%
T15 讃岐津田
43%
G30 土佐大正
43%
B16 穴吹
43%
Y32 石鎚山
42%
Y54 三津浜
42%
U02 北伊予
42%
U02-1 南伊予
42%
S12 伊予長浜
42%
D13 金蔵寺
42%
D36 新改
42%
B05 石井
42%
Y06 鴨川
41%
T03 勝瑞
41%
Y33 伊予氷見
39%
Y41 波止浜
39%
S08 伊予上灘
39%
G33 半家
39%
Y24 伊予寒川
38%
Y34 伊予小松
38%
Y38 伊予桜井
38%
D43 土佐一宮
38%
M01 阿波富田
38%
Y20 豊浜
37%
U25 伊予吉田
37%
T22 古高松南
37%
D44 薊野
37%
K04 高知商業前
37%
K22 土佐久礼
37%
N08 金比羅前
37%
B12
37%
M21 日和佐
37%
Y26 伊予土居
36%
S06 | U06 向井原
36%
S17 五郎
36%
T20 讃岐牟礼
36%
T08 阿波大宮
36%
D32 大杉
36%
K05 朝倉
36%
K13 佐川
36%
G31 土佐昭和
36%
N09 撫養
36%
B04 府中
36%
M03 文化の森
36%
K03
35%
Y18 本山
34%
U01 市坪
34%
S10
34%
T09 讃岐相生
34%
D33 土佐北川
34%
B11 阿波川島
34%
Y21 箕浦
33%
Y25 赤星
33%
Y53 伊予和気
33%
U08 伊予中山
33%
D20 箸蔵
33%
G40 近永
33%
B09 鴨島
33%
Y28 多喜浜
32%
U13 新谷
32%
T17 造田
32%
T02 吉成
32%
B18 貞光
32%
Y17 比地大
31%
Y30 中萩
31%
Y39 伊予富田
31%
Y42 波方
31%
T24 木太町
31%
D17 黒川
31%
D38 山田西町
31%
Y37 伊予三芳
30%
Y45 菊間
30%
U21 上宇和
30%
U23 下宇和
30%
K12 西佐川
30%
G44 伊予宮野下
30%
B14 阿波山川
30%
田井ノ浜
30%
Y27 関川
29%
Y43 大西
29%
D16 塩入
29%
B23
29%
B22 阿波加茂
29%
B17 小島
29%
M15 桑野
29%
U15 西大洲
28%
T21 八栗口
28%
G38 松丸
28%
B03 鮎喰
28%
M02 二軒屋
28%
M18 由岐
28%
Y44 伊予亀岡
27%
U11 五十崎
27%
T13 丹生
27%
T05 板東
27%
D31 土佐穴内
27%
D41 土佐大津
27%
K01 入明
27%
G45 務田
27%
B02 蔵本
27%
M09 羽ノ浦
27%
Y50 粟井
26%
Y52 堀江
26%
U04 鳥ノ木
26%
D28 土佐岩原
26%
K21 安和
26%
M05 中田
26%
Y51 光洋台
25%
U03 伊予横田
25%
D24 祖谷口
25%
D39 土佐長岡
25%
K02 円行寺口
25%
B08 麻植塚
25%
M19 木岐
25%
Y35 玉之江
24%
Y46 浅海
24%
U07 伊予大平
24%
N05 阿波大谷
24%
M14 阿波橘
24%
U09 伊予立川
23%
U16 伊予平野
23%
U20 伊予石城
23%
D23 三縄
23%
D25 阿波川口
23%
D30 大田口
23%
K08-1 小村神社前
23%
B21 三加茂
23%
B10 西麻植
23%
M25 鯖瀬
23%
Y47 大浦
22%
U17 千丈
22%
S13 伊予出石
22%
S14 伊予白滝
22%
S16 春賀
22%
T16 神前
22%
T06 阿波川端
22%
D29 豊永
22%
D42 布師田
22%
K17 多ノ郷
22%
G28 家地川
22%
B19 阿波半田
22%
B15 川田
22%
B07 牛島
22%
M04 地蔵橋
22%
S07 高野川
21%
D34 角茂谷
21%
K09 日下
21%
M16 新野
21%
U19 双岩
20%
U26 高光
20%
T14 鶴羽
20%
K06 枝川
20%
K10 岡花
20%
K11 土佐加茂
20%
K14 襟野々
20%
K24 六反地
20%
G37 吉野生
20%
M17 阿波福井
20%
S15 八多喜
19%
K20 土佐新荘
19%
G32 十川
19%
M22 山河内
19%
M26 浅川
19%
U24 立間
18%
S11 喜多灘
18%
G29 打井川
18%
N06 立道
18%
B20 江口
18%
M13 見能林
18%
M20 北河内
18%
Y49 柳原
17%
U12 喜多山
17%
K15 斗賀野
17%
K16 吾桑
17%
K18 大間
17%
K23 影野
17%
B13 山瀬
17%
M07 阿波赤石
17%
K08 波川
16%
G35 西ケ方
16%
G41 深田
16%
M08 立江
16%
M11 阿波中島
16%
M23 辺川
16%
G39 出目
15%
B06 下浦
15%
K25 仁井田
14%
G36 真土
14%
G43 二名
14%
M10 西原
13%
G42 大内
12%
D35 繁藤
11%
No matching quizzes found
Score Distribution
Percent of People with Each Score
Percentile by Number Answered
Your Score History
You have not taken this quiz since the last reset